[Event "MTO-2021"]
[Site "?"]
[Date "2021.??.??"]
[Round "5.102"]
[White "R Praggnanandhaa"]
[Black "Ganguly Surya Shekhar"]
[Result "1/2-1/2"]
[WhiteElo "2608"]
[BlackElo "2625"]
[PlyCount "70"]
[EventDate "2021.??.??"]
[WhiteTeam "Indien"]
[BlackTeam "Indien"]
[WhiteTeamCountry "IND"]
[BlackTeamCountry "IND"]

1. Nf3 Nf6 2. g3 d5 3. Bg2 Bg4 4. O-O Nbd7 5. h3 Bh5 6. d3 e5 7. c4 c6 8. g4
Bg6 9. g5 Nh5 10. cxd5 cxd5 11. Qb3 d4 12. Qxb7 Rb8 13. Qd5 f6 14. gxf6 gxf6
15. Nh4 Bf7 16. Qf3 Rg8 17. Na3 Nb6 18. e4 dxe3 19. Qc6+ Qd7 20. Qxd7+ Nxd7 21.
fxe3 Nc5 22. Rd1 e4 23. dxe4 Nxe4 24. b3 Bc5 25. Nc2 Nf4 26. Ba3 Bb6 27. Kh2
Nxg2 28. Nxg2 Rc8 29. Nd4 Bxd4 30. Rxd4 Ng5 31. Ne1 Be6 32. h4 Nf7 33. Rc1 Rxc1
34. Bxc1 Ne5 35. Ra4 Rg7 1/2-1/2

[Event "MTO-2021"]
[Site "?"]
[Date "2021.??.??"]
[Round "5.103"]
[White "Banusz Tamas"]
[Black "Fedorchuk Sergey"]
[Result "1-0"]
[WhiteElo "2631"]
[BlackElo "2598"]
[PlyCount "81"]
[EventDate "2021.??.??"]
[WhiteTeam "Ungarn"]
[BlackTeam "Ukraine"]
[WhiteTeamCountry "HUN"]
[BlackTeamCountry "UKR"]

1. Nf3 Nf6 2. g3 b6 3. Bg2 Bb7 4. O-O c5 5. c4 g6 6. d4 cxd4 7. Qxd4 Bg7 8. Nc3
d6 9. Rd1 Nbd7 10. Be3 Rc8 11. Rac1 a6 12. b3 O-O 13. Qh4 Re8 14. Bh3 Bf8 15.
g4 e6 16. Bf4 b5 17. cxb5 d5 18. g5 Nh5 19. Bd2 Ba3 20. Rb1 Be7 21. Qg4 Bc5 22.
a4 d4 23. Ne4 axb5 24. Nxc5 Nxc5 25. Nxd4 Be4 26. Rbc1 bxa4 27. Be3 Bd5 28. Nb5
Nxb3 29. Rxc8 Qxc8 30. Rxd5 Qb8 31. Ba7 Qb7 32. Re5 Rd8 33. Qe4 Rd1+ 34. Kg2
Nf4+ 35. Kg3 Nd5 36. Qxa4 Rg1+ 37. Kh4 h6 38. Qxb3 Qe7 39. f4 hxg5+ 40. fxg5
Rc1 41. Qxd5 1-0

[Event "MTO-2021"]
[Site "?"]
[Date "2021.??.??"]
[Round "5.104"]
[White "Raja Harshit"]
[Black "Eljanov Pavel"]
[Result "0-1"]
[WhiteElo "2484"]
[BlackElo "2671"]
[PlyCount "82"]
[EventDate "2021.??.??"]
[WhiteTeam "Indien"]
[BlackTeam "Ukraine"]
[WhiteTeamCountry "IND"]
[BlackTeamCountry "UKR"]

1. e4 c6 2. d4 d5 3. exd5 cxd5 4. c4 Nf6 5. Nc3 e6 6. Nf3 Bb4 7. cxd5 Nxd5 8.
Bd2 Nc6 9. Bd3 O-O 10. O-O Nf6 11. a3 Be7 12. Bf4 b6 13. Rc1 Bb7 14. Bb1 Bd6
15. Bg5 Ne7 16. Bxf6 gxf6 17. Be4 Bxe4 18. Nxe4 Nd5 19. Qa4 Bf4 20. Rc2 Qe7 21.
g3 Bh6 22. Qc6 Rfd8 23. Re1 Kg7 24. h4 Rac8 25. Qxc8 Rxc8 26. Rxc8 f5 27. Neg5
Bxg5 28. hxg5 f4 29. Rec1 fxg3 30. fxg3 Qd6 31. Kf2 Ne7 32. R8c2 Nf5 33. Rg1
Qd5 34. Re1 Nxd4 35. Nxd4 Qxd4+ 36. Re3 Kg6 37. b4 a5 38. bxa5 bxa5 39. Rc7
Qd2+ 40. Kf3 Qd5+ 41. Re4 h6 0-1

[Event "MTO-2021"]
[Site "?"]
[Date "2021.??.??"]
[Round "5.105"]
[White "Sethuraman S.P."]
[Black "Yuffa Daniil"]
[Result "1-0"]
[WhiteElo "2644"]
[BlackElo "2578"]
[PlyCount "81"]
[EventDate "2021.??.??"]
[WhiteTeam "Indien"]
[BlackTeam "Russland"]
[WhiteTeamCountry "IND"]
[BlackTeamCountry "RUS"]

1. c4 e5 2. Nc3 Nf6 3. Nf3 Nc6 4. e3 Bb4 5. Qc2 Bxc3 6. Qxc3 Qe7 7. d4 Ne4 8.
Qd3 exd4 9. Nxd4 O-O 10. Be2 Nxd4 11. Qxd4 b6 12. f3 Nc5 13. O-O Bb7 14. b3
Rae8 15. Re1 f5 16. Bf1 Rf6 17. Qd2 Rh6 18. Ba3 Qe5 19. h3 Rg6 20. Qf2 d6 21.
Bb2 Qe7 22. b4 Nd7 23. a4 Ne5 24. Kh1 c5 25. b5 a5 26. bxa6 Bxa6 27. Bxe5 Qxe5
28. e4 Rge6 29. Rab1 fxe4 30. Rxe4 Qf6 31. Rxe6 Qxe6 32. Qc2 Qg6 33. Bd3 Qh6
34. Be4 Bc8 35. Rxb6 Qh4 36. Rb8 Qe1+ 37. Kh2 h5 38. Bd5+ Kf8 39. Rxc8 Qe5+ 40.
f4 Qxf4+ 41. g3 1-0

[Event "MTO-2021"]
[Site "?"]
[Date "2021.??.??"]
[Round "5.106"]
[White "Narayanan S.L."]
[Black "Sadhwani Raunak"]
[Result "1/2-1/2"]
[WhiteElo "2624"]
[BlackElo "2555"]
[PlyCount "34"]
[EventDate "2021.??.??"]
[WhiteTeam "Indien"]
[BlackTeam "Indien"]
[WhiteTeamCountry "IND"]
[BlackTeamCountry "IND"]

1. d4 Nf6 2. c4 e6 3. Nf3 d5 4. g3 dxc4 5. Bg2 c5 6. O-O Nc6 7. dxc5 Qxd1 8.
Rxd1 Bxc5 9. Nbd2 c3 10. bxc3 O-O 11. Bb2 Bd7 12. Ne1 Be7 13. Nd3 Rfd8 14. c4
Be8 15. c5 Rab8 16. Nb3 Nd5 17. Rac1 f6 1/2-1/2

[Event "MTO-2021"]
[Site "?"]
[Date "2021.??.??"]
[Round "5.107"]
[White "Wagner Dennis"]
[Black "Erdos Viktor"]
[Result "1/2-1/2"]
[WhiteElo "2572"]
[BlackElo "2614"]
[PlyCount "79"]
[EventDate "2021.??.??"]
[WhiteTeam "Deutschland"]
[BlackTeam "Ungarn"]
[WhiteTeamCountry "GER"]
[BlackTeamCountry "HUN"]

1. e4 e5 2. Nf3 Nc6 3. Bb5 a6 4. Ba4 Nf6 5. d3 b5 6. Bb3 Bc5 7. c3 d6 8. Bg5 h6
9. Bh4 Be6 10. Nbd2 Bxb3 11. Nxb3 Bb6 12. a4 Rb8 13. axb5 axb5 14. O-O Qe7 15.
Re1 Qe6 16. d4 Ne7 17. Bg3 Nd7 18. Nbd2 O-O 19. Nf1 Ng6 20. Qd3 Rfe8 21. b4 Nf6
22. N1d2 Nh5 23. Qf1 Nhf4 24. h3 Qf6 25. Bxf4 Nxf4 26. g3 exd4 27. cxd4 Ne6 28.
d5 Nd4 29. Qd3 Ra8 30. Rxa8 Rxa8 31. Kg2 Ra2 32. Rf1 Nxf3 33. Nxf3 Qb2 34. h4
Bxf2 35. Kh3 Bb6 36. Qxb5 Kh7 37. Qd7 Qg2+ 38. Kg4 Qxf1 39. Qf5+ Kg8 40. Qc8+
1/2-1/2

[Event "MTO-2021"]
[Site "?"]
[Date "2021.??.??"]
[Round "5.108"]
[White "Donchenko Alexander"]
[Black "Valsecchi Alessio"]
[Result "1/2-1/2"]
[WhiteElo "2652"]
[BlackElo "2527"]
[PlyCount "101"]
[EventDate "2021.??.??"]
[WhiteTeam "Deutschland"]
[BlackTeam "Italien"]
[WhiteTeamCountry "GER"]
[BlackTeamCountry "ITA"]

1. c4 e6 2. g3 d5 3. Bg2 c5 4. cxd5 exd5 5. d4 Nc6 6. Nf3 Nf6 7. O-O c4 8. b3
cxb3 9. Qxb3 Be7 10. Bg5 Na5 11. Qd3 O-O 12. Nc3 Be6 13. Ne5 Rc8 14. Rac1 Nc4
15. Nxc4 dxc4 16. Qd2 h6 17. Bf4 Qd7 18. e4 Rfd8 19. d5 Bc5 20. dxe6 Qxd2 21.
Bxd2 Rxd2 22. Bh3 Rc7 23. e5 Nd5 24. Nb5 Rc6 25. exf7+ Kf8 26. Bd7 Nf4 27. Bxc6
Ne2+ 28. Kh1 Nxc1 29. Rxc1 bxc6 30. Rxc4 cxb5 31. Rxc5 Kxf7 32. Rxb5 Rxf2 33.
Rb7+ Ke6 34. Rxa7 g5 35. Kg1 Rc2 36. Ra5 g4 37. a4 Ra2 38. Kh1 Kf5 39. Kg1 Ke6
40. Ra6+ Kxe5 41. a5 Ra1+ 42. Kf2 Ra2+ 43. Ke3 Ra3+ 44. Kd2 Ra2+ 45. Kc3 Rxh2
46. Rb6 Ra2 47. Rxh6 Ke4 48. Rh5 Kf3 49. Kb3 Ra1 50. Kb2 Ra4 51. Kb3 1/2-1/2

[Event "MTO-2021"]
[Site "?"]
[Date "2021.??.??"]
[Round "5.109"]
[White "Chithambaram Aravindh"]
[Black "Tang Andrew"]
[Result "0-1"]
[WhiteElo "2641"]
[BlackElo "2525"]
[PlyCount "102"]
[EventDate "2021.??.??"]
[WhiteTeam "Indien"]
[BlackTeam "Vereinigte Staaten"]
[WhiteTeamCountry "IND"]
[BlackTeamCountry "USA"]

1. e4 e5 2. Nf3 Nc6 3. Nc3 Nf6 4. d4 exd4 5. Nxd4 Bb4 6. Nxc6 bxc6 7. Bd3 d5 8.
exd5 cxd5 9. O-O O-O 10. h3 c6 11. Qf3 h6 12. Bf4 Bd6 13. Rfe1 Rb8 14. b3 Rb7
15. Rad1 Re7 16. Rxe7 Qxe7 17. Bxd6 Qxd6 18. Qe3 c5 19. Nb5 Qb6 20. b4 c4 21.
Qxb6 axb6 22. Be2 Bf5 23. Rd2 Ra8 24. c3 Kf8 25. Nc7 Rc8 26. Nb5 Bd7 27. Nd4
Ra8 28. Bf3 Ke7 29. g4 Kd6 30. Bg2 g5 31. Kf1 Ra3 32. Ne2 Ke5 33. Ke1 Be6 34.
Kd1 Ne4 35. Bxe4 dxe4 36. Kc1 f5 37. Kb2 Ra8 38. Nd4 fxg4 39. Nxe6 gxh3 40. Nd4
Rf8 41. a4 g4 42. a5 h2 43. Rd1 Rxf2+ 44. Ka3 bxa5 45. b5 g3 46. Nc6+ Kf5 47.
b6 g2 48. b7 g1=Q 49. b8=Q Qxd1 50. Qf8+ Kg4 51. Ne5+ Kh3 0-1

[Event "MTO-2021"]
[Site "?"]
[Date "2021.??.??"]
[Round "5.110"]
[White "Chigaev Maksim"]
[Black "Shchekachev Andrei"]
[Result "1-0"]
[WhiteElo "2630"]
[BlackElo "2515"]
[PlyCount "77"]
[EventDate "2021.??.??"]
[WhiteTeam "Russland"]
[BlackTeam "Frankreich"]
[WhiteTeamCountry "RUS"]
[BlackTeamCountry "FRA"]

1. e4 c5 2. Nf3 e6 3. b3 d6 4. Bb2 Nd7 5. d4 cxd4 6. Nxd4 Ngf6 7. Nc3 a6 8. Qd2
Nc5 9. f3 Be7 10. h4 h5 11. O-O-O Bd7 12. Kb1 Qc7 13. Qe3 Rc8 14. g3 g6 15. Bh3
b5 16. a3 Kf8 17. g4 hxg4 18. fxg4 Rxh4 19. e5 dxe5 20. Nf3 Rh7 21. Nxe5 Be8
22. Bg2 Kg8 23. g5 Nh5 24. Bf3 Bf8 25. Ng4 Bg7 26. Nh6+ Bxh6 27. Rxh5 gxh5 28.
gxh6 f6 29. b4 Na4 30. Nxa4 bxa4 31. Qxe6+ Bf7 32. Rg1+ Kf8 33. Qxf6 Qxc2+ 34.
Ka1 Qf2 35. Qd6+ Ke8 36. Bc6+ Rxc6 37. Qxc6+ Kf8 38. Qd6+ Ke8 39. Rc1 1-0

[Event "MTO-2021"]
[Site "?"]
[Date "2021.??.??"]
[Round "5.111"]
[White "NR Vignesh"]
[Black "Puranik Abhimanyu"]
[Result "1/2-1/2"]
[WhiteElo "2428"]
[BlackElo "2589"]
[PlyCount "64"]
[EventDate "2021.??.??"]
[WhiteTeam "Indien"]
[BlackTeam "Indien"]
[WhiteTeamCountry "IND"]
[BlackTeamCountry "IND"]

1. d4 Nf6 2. c4 g6 3. Nc3 d5 4. cxd5 Nxd5 5. e4 Nxc3 6. bxc3 Bg7 7. Nf3 c5 8.
Bb5+ Nc6 9. d5 Bxc3+ 10. Bd2 Qa5 11. Rb1 a6 12. Bxc6+ bxc6 13. dxc6 Be6 14. Rc1
Bb4 15. O-O Bxd2 16. Qxd2 Qxd2 17. Nxd2 O-O-O 18. Nb3 Bxb3 19. axb3 Kc7 20.
Rxc5 Rd3 21. b4 Rb8 22. Ra5 Rb6 23. f3 Rxc6 24. b5 axb5 25. Rxb5 Rc2 26. Kh1
Rdd2 27. Rg1 Kc6 28. Rb8 Kd7 29. h4 h5 30. Kh2 e5 31. Rb5 Ke6 32. Rb6+ Ke7
1/2-1/2

[Event "MTO-2021"]
[Site "?"]
[Date "2021.??.??"]
[Round "5.112"]
[White "Gukesh Dommaraju"]
[Black "Unuk Laura"]
[Result "1-0"]
[WhiteElo "2578"]
[BlackElo "2407"]
[PlyCount "121"]
[EventDate "2021.??.??"]
[WhiteTeam "Indien"]
[BlackTeam "Slowenien"]
[WhiteTeamCountry "IND"]
[BlackTeamCountry "SLO"]

1. c4 c6 2. Nf3 d5 3. g3 Nf6 4. Bg2 dxc4 5. a4 Nbd7 6. Na3 e5 7. Nxc4 e4 8. Ng5
Nc5 9. d4 Ne6 10. O-O Bb4 11. Nxe4 Nxe4 12. Bxe4 Nxd4 13. Bd2 Bxd2 14. Qxd2 Be6
15. Qb4 Bxc4 16. Qxc4 Qf6 17. e3 Nf3+ 18. Bxf3 Qxf3 19. Qc5 Qf6 20. Rfd1 Qe7
21. Rd6 O-O 22. Rxc6 Qe4 23. Rc7 g6 24. Qe7 Qf3 25. Rxb7 Rfe8 26. Qb4 h5 27.
Re7 Reb8 28. Qe4 Qxe4 29. Rxe4 Rxb2 30. Rc1 Rb7 31. Rd4 a5 32. Rcc4 Kg7 33. Kg2
Ra6 34. Rc5 Kf6 35. Rdc4 Kg7 36. h4 Ra8 37. Rc7 Rb4 38. Rf4 Rxf4 39. gxf4 Ra6
40. Kf3 Kf6 41. Rc5 Ra7 42. e4 Ra6 43. Rg5 Rb6 44. Rxa5 Rb3+ 45. Kg2 Ra3 46. f5
gxf5 47. Rxf5+ Kg6 48. Ra5 Ra1 49. Ra6+ Kg7 50. f3 Ra2+ 51. Kg3 Ra1 52. a5 Ra2
53. Ra8 Ra1 54. a6 Ra2 55. a7 Ra1 56. e5 Ra3 57. Kf2 Ra4 58. Ke3 Kh7 59. f4 Kg7
60. f5 Ra3+ 61. Kd2 1-0

[Event "MTO-2021"]
[Site "?"]
[Date "2021.??.??"]
[Round "5.113"]
[White "Kalyan Arjun"]
[Black "Dragnev Valentin"]
[Result "1-0"]
[WhiteElo "2503"]
[BlackElo "2569"]
[PlyCount "125"]
[EventDate "2021.??.??"]
[WhiteTeam "Indien"]
[BlackTeam "Österreich"]
[WhiteTeamCountry "IND"]
[BlackTeamCountry "AUT"]

1. e4 c5 2. Nf3 d6 3. d4 cxd4 4. Nxd4 Nf6 5. Nc3 a6 6. f3 e5 7. Nb3 Be6 8. Be3
Nbd7 9. g4 h6 10. Qd2 b5 11. O-O-O Nb6 12. Qf2 Rb8 13. h4 b4 14. Bxb6 Qxb6 15.
Qxb6 Rxb6 16. Nd5 Nxd5 17. exd5 Bd7 18. Bd3 Be7 19. Nd2 O-O 20. Nc4 Rb5 21. Ne3
Ra5 22. Kb1 Ra8 23. Bf5 Be8 24. Nc4 Rc5 25. Nxe5 dxe5 26. d6 Bxd6 27. Rxd6 Bc6
28. Rf1 Kf8 29. f4 Bb5 30. Rf2 Re8 31. fxe5 Rcxe5 32. b3 g6 33. Bd3 Bxd3 34.
Rxd3 Re4 35. Rg3 Re1+ 36. Kb2 Rh1 37. Rgf3 Re7 38. Rf6 Kg7 39. h5 g5 40. Rxa6
Rg1 41. a3 bxa3+ 42. Rxa3 Rxg4 43. c4 Rge4 44. c5 g4 45. Ra1 R4e5 46. Rc2 f5
47. Ra6 Rc7 48. Rg6+ Kf7 49. b4 Re6 50. Kb3 Re3+ 51. Rc3 Re5 52. c6 f4 53. Rxg4
Rxh5 54. Rxf4+ Ke6 55. Re4+ Kd5 56. Re2 Rh1 57. Rd2+ Ke5 58. b5 Rb1+ 59. Kc4
Ra7 60. Kc5 Ra5 61. Rd5+ Ke4 62. Rc4+ Ke3 63. Kb6 1-0

[Event "MTO-2021"]
[Site "?"]
[Date "2021.??.??"]
[Round "5.115"]
[White "Korpa Bence"]
[Black "Bänziger Fabian"]
[Result "1/2-1/2"]
[WhiteElo "2536"]
[BlackElo "2392"]
[Annotator "olive"]
[PlyCount "211"]
[EventDate "2021.??.??"]
[WhiteTeam "Ungarn"]
[BlackTeam "Schweiz"]
[WhiteTeamCountry "HUN"]
[BlackTeamCountry "SUI"]

1. d4 d5 2. Bf4 c5 3. e3 Nc6 4. c3 Nf6 5. Nd2 Bf5 6. a4 e6 7. Ngf3 Be7 8. dxc5
Bxc5 9. Nd4 Nxd4 10. exd4 Bd6 11. Bb5+ Ke7 12. Bxd6+ Qxd6 13. a5 Rhc8 14. O-O
b6 15. axb6 axb6 16. Nf3 Bg4 17. Qd3 Bxf3 18. Qxf3 Ra5 19. Bd3 Rca8 20. Rae1 b5
21. g4 b4 22. g5 Nd7 23. Re3 bxc3 24. bxc3 Ra1 25. h4 g6 26. Bb5 f5 27. Rxa1
Rxa1+ 28. Kg2 Nb6 29. h5 Ra2 30. hxg6 hxg6 31. Qh3 Qf4 32. Qh7+ Kd8 33. Qh8+
Kc7 34. Qe5+ Qxe5 35. Rxe5 Kd6 36. Re3 Rb2 37. Be8 Nc4 38. Re1 Rb8 39. Bf7 e5
40. Ra1 Nb6 41. Ra6 exd4 42. cxd4 Kc6 43. Kf3 Rf8 44. Bxg6 Rg8 45. Bxf5 Rxg5
46. Bd3 Rg8 47. Ra2 Rf8+ 48. Kg4 Rg8+ 49. Kf4 Rf8+ 50. Kg5 Rf3 51. Bf5 Nc4 52.
Kg4 Rc3 53. f4 Rc1 54. Kg5 Rg1+ 55. Kf6 Rf1 56. Kg5 Rg1+ 57. Kh4 Rd1 58. Be6
Rxd4 59. Kg5 Nd6 60. f5 Nxf5 61. Kxf5 Rb4 62. Rd2 d4 63. Ke4 Kd6 64. Bg8 Ra4
65. Rc2 Rb4 66. Bc4 d3 67. Kxd3 Kc5 68. Rc1 Rb6 69. Bf7+ Kd6 70. Kd4 Rb2 71.
Bc4 Rd2+ 72. Bd3 Rf2 73. Ra1 Rf6 74. Be4 Re6 75. Ra5 Ke7 76. Bf5 Rc6 77. Ke5
Rc7 78. Be6 Rb7 79. Rc5 Ra7 80. Rc1 Rb7 81. Rc6 Ra7 82. Bd5 Rd7 83. Rh6 Rc7 84.
Bc6 Kd8 85. Kd6 Rd7+ 86. Kc5 Rg7 87. Re6 Re7 88. Rd6+ Kc7 89. Bd5 Rg7 90. Ra6
Re7 91. Be6 Kd8 92. Kd5 Kc7 93. Rc6+ Kb8 94. Kd6 Rg7 95. Rc1 Rb7 96. Bd5 Rb6+
97. Bc6 Ka7 98. Rh1 Rb2 99. Rh8 Rb8 100. Rh5 Kb6 101. Rh4 Rd8+ 102. Bd7 Rb8
103. Rh5 Ka6 104. Kc5 Ka5 105. Kc6+ Kb4 106. Rh4+ 1/2-1/2

[Event "MTO-2021"]
[Site "?"]
[Date "2021.??.??"]
[Round "5.116"]
[White "Vaishali R"]
[Black "Kantor Gergely"]
[Result "0-1"]
[WhiteElo "2393"]
[BlackElo "2527"]
[PlyCount "86"]
[EventDate "2021.??.??"]
[WhiteTeam "Indien"]
[BlackTeam "Ungarn"]
[WhiteTeamCountry "IND"]
[BlackTeamCountry "HUN"]

1. Nf3 d5 2. g3 g6 3. Bg2 Bg7 4. d4 Nf6 5. O-O O-O 6. c4 c6 7. a4 Be6 8. Nc3
dxc4 9. e4 Na6 10. Qe2 Nb4 11. h3 a5 12. Be3 Ne8 13. Rfd1 Nc7 14. Ne5 Qc8 15.
Nxc4 Bxc4 16. Qxc4 Nc2 17. Rac1 Nxe3 18. fxe3 e5 19. d5 Na6 20. Na2 Bh6 21. Rd3
Qb8 22. Kh2 Rd8 23. Rf1 Qd6 24. Nc3 Qb4 25. Qa2 Qf8 26. Qc4 Nb4 27. Rd2 Bxe3
28. Rdd1 Bd4 29. Rxd4 exd4 30. Qxd4 Qg7 31. e5 cxd5 32. Nxd5 Kh8 33. Rf6 Rxd5
34. Bxd5 Rd8 35. Qb6 Rxd5 36. Qxb7 Kg8 37. h4 h5 38. Kh3 Rd3 39. Qc8+ Qf8 40.
Qc4 Kg7 41. Qc7 Qe8 42. Rd6 Qa8 43. Kh2 Qf3 0-1

[Event "MTO-2021"]
[Site "?"]
[Date "2021.??.??"]
[Round "5.117"]
[White "Löffler Markus"]
[Black "NR Visakh"]
[Result "0-1"]
[WhiteElo "2295"]
[BlackElo "2516"]
[PlyCount "62"]
[EventDate "2021.??.??"]
[WhiteTeam "Deutschland"]
[BlackTeam "Indien"]
[WhiteTeamCountry "GER"]
[BlackTeamCountry "IND"]

1. e4 c5 2. Nc3 d6 3. Nf3 Nf6 4. d4 cxd4 5. Nxd4 a6 6. h3 e5 7. Nde2 h5 8. Bg5
Be6 9. Bxf6 Qxf6 10. Nd5 Qd8 11. Qd3 Nd7 12. O-O-O g6 13. Kb1 Nc5 14. Qa3 h4
15. g3 b5 16. f4 Bg7 17. f5 gxf5 18. exf5 Bxf5 19. Rg1 Bg6 20. Qe3 Kf8 21. gxh4
Rxh4 22. Qf3 Rh6 23. Nec3 Bh5 24. Rg4 Bxg4 25. hxg4 Qg5 26. Ne3 e4 27. Qg3 b4
28. Ncd5 Qe5 29. Qxe5 Bxe5 30. Nxb4 Rh1 31. Nc4 Kg7 0-1

[Event "MTO-2021"]
[Site "?"]
[Date "2021.??.??"]
[Round "5.118"]
[White "Budisavljevic Luka"]
[Black "Blagojevic Tijana"]
[Result "1-0"]
[WhiteElo "2509"]
[BlackElo "2222"]
[PlyCount "61"]
[EventDate "2021.??.??"]
[WhiteTeam "Serbien"]
[BlackTeam "Serbien"]
[WhiteTeamCountry "SRB"]
[BlackTeamCountry "SRB"]

1. d4 d5 2. c4 c6 3. Nf3 Nf6 4. Nc3 e6 5. Bg5 Nbd7 6. cxd5 exd5 7. e3 Be7 8.
Bd3 Ne4 9. Bf4 Ndf6 10. Qc2 O-O 11. O-O Bf5 12. Ne5 g6 13. a4 Nd6 14. a5 Rc8
15. h3 c5 16. dxc5 Rxc5 17. Qa4 Bxd3 18. Nxd3 Rc4 19. Qb3 Qc8 20. Rac1 Qf5 21.
Bxd6 Bxd6 22. Nxd5 Rh4 23. Nxf6+ Qxf6 24. Qxb7 Qf5 25. Qa6 Rd8 26. Rfd1 g5 27.
Ne1 Qf6 28. Qe2 g4 29. Rc4 Bh2+ 30. Kxh2 Rxd1 31. Rxg4+ 1-0

[Event "MTO-2021"]
[Site "?"]
[Date "2021.??.??"]
[Round "5.119"]
[White "Gschnitzer Adrian"]
[Black "Stelmaszyk Nico"]
[Result "1-0"]
[WhiteElo "2420"]
[BlackElo "2296"]
[PlyCount "49"]
[EventDate "2021.??.??"]
[WhiteTeam "Deutschland"]
[BlackTeam "Deutschland"]
[WhiteTeamCountry "GER"]
[BlackTeamCountry "GER"]

1. e4 c5 2. Nf3 Nc6 3. Bb5 g6 4. Bxc6 dxc6 5. d3 Bg7 6. h3 e5 7. a4 Qd6 8. Be3
Nf6 9. Nc3 Be6 10. O-O O-O 11. Qd2 Nh5 12. a5 f5 13. Ng5 b6 14. exf5 gxf5 15.
Na4 f4 16. Qe2 Nf6 17. Nxe6 Qxe6 18. Bxf4 Nd5 19. Bd2 Rf6 20. axb6 Rg6 21. Kh1
Kh8 22. Nxc5 Qe7 23. Rxa7 Rxa7 24. bxa7 Qxa7 25. b4 1-0

[Event "MTO-2021"]
[Site "?"]
[Date "2021.??.??"]
[Round "5.120"]
[White "Haimovich Tal"]
[Black "Al Hosani Omran"]
[Result "1-0"]
[WhiteElo "2388"]
[BlackElo "2197"]
[PlyCount "111"]
[EventDate "2021.??.??"]
[WhiteTeam "Israel"]
[BlackTeam "Vereinigte Arabische Emirate"]
[WhiteTeamCountry "ISR"]
[BlackTeamCountry "UAE"]

1. e4 c5 2. Nf3 d6 3. d4 cxd4 4. Nxd4 Nf6 5. Nc3 a6 6. f4 e5 7. Nf3 Qc7 8. a4
Be7 9. Bd3 O-O 10. O-O Nbd7 11. Kh1 Nc5 12. Qe2 Re8 13. Bc4 Be6 14. Bxe6 Nxe6
15. f5 Nd4 16. Qd3 d5 17. exd5 e4 18. Qxd4 exf3 19. Rxf3 Bc5 20. Qh4 Bf2 21.
Qxf2 Ng4 22. Qg1 Re1 23. Bf4 Rxg1+ 24. Rxg1 Qb6 25. h3 Nf6 26. b3 h6 27. Rd1
Rd8 28. d6 Qc6 29. Bg3 b5 30. axb5 axb5 31. Rfd3 b4 32. Nd5 Nxd5 33. Rxd5 Qxc2
34. d7 Kh7 35. Kh2 Qc6 36. Bf2 Qb7 37. Rd6 Qb5 38. Kh1 h5 39. R6d5 Qc6 40. Be1
Qb6 41. R5d4 Qb5 42. Bg3 Qb7 43. Rd5 f6 44. R1d4 Qc6 45. Kh2 Qb7 46. Bf4 Qc6
47. Bd2 Qc7+ 48. Kh1 Qc2 49. Bxb4 Qxb3 50. Ba5 Rxd7 51. Rxd7 Qb1+ 52. Kh2 Qxf5
53. R7d5 Qf2 54. Rxh5+ Kg6 55. Rhd5 f5 56. Bd2 1-0

[Event "MTO-2021"]
[Site "?"]
[Date "2021.??.??"]
[Round "5.121"]
[White "Seul Georg"]
[Black "Doluhanova Evgeniya"]
[Result "1-0"]
[WhiteElo "2372"]
[BlackElo "2179"]
[PlyCount "103"]
[EventDate "2021.??.??"]
[WhiteTeam "Deutschland"]
[BlackTeam "Ukraine"]
[WhiteTeamCountry "GER"]
[BlackTeamCountry "UKR"]

1. e4 e5 2. Nf3 Nc6 3. Bc4 Bc5 4. d3 Nf6 5. O-O O-O 6. Bg5 h6 7. Bh4 Be7 8. Bg3
d6 9. a4 Be6 10. Bxe6 fxe6 11. Nbd2 Qe8 12. c3 Nh5 13. Qb3 Qd7 14. a5 a6 15.
Qa4 Nb8 16. Qd1 Nxg3 17. hxg3 Nc6 18. Nc4 Bf6 19. Re1 Qf7 20. Qb3 Rab8 21. Re2
h5 22. Qc2 Rbe8 23. Qb3 Rb8 24. Ne3 Ne7 25. d4 exd4 26. cxd4 Nc6 27. d5 exd5
28. Nxd5 Kh8 29. Qd1 Rbc8 30. Ra3 Ne7 31. Nxf6 Qxf6 32. Rb3 Rb8 33. e5 dxe5 34.
Rxe5 Nf5 35. Qe2 Qf7 36. Rb4 g6 37. Rf4 Rfe8 38. Nh4 Rxe5 39. Qxe5+ Kg8 40.
Nxf5 gxf5 41. Rxf5 Re8 42. Rg5+ Kf8 43. Qh8+ Ke7 44. Re5+ Kd7 45. Qxe8+ Qxe8
46. Rxe8 Kxe8 47. g4 hxg4 48. Kh2 c5 49. Kg3 c4 50. Kxg4 b5 51. axb6 Kd7 52.
Kf4 1-0

[Event "MTO-2021"]
[Site "?"]
[Date "2021.??.??"]
[Round "5.123"]
[White "Schweizer Simon"]
[Black "Tahay Alexis"]
[Result "0-1"]
[WhiteElo "2142"]
[BlackElo "2349"]
[PlyCount "136"]
[EventDate "2021.??.??"]
[WhiteTeam "Japan"]
[BlackTeam "Frankreich"]
[WhiteTeamCountry "JPN"]
[BlackTeamCountry "FRA"]

1. e4 c5 2. Nf3 d6 3. d4 cxd4 4. Nxd4 Nf6 5. Nc3 a6 6. h3 e5 7. Nde2 b5 8. g4
b4 9. Nd5 Nxd5 10. exd5 h5 11. g5 Be7 12. Rg1 Bf5 13. Ng3 Bg6 14. h4 Qc8 15.
Be3 Nd7 16. Rc1 Qc7 17. Bd3 Bxd3 18. Qxd3 g6 19. Ne4 O-O 20. c4 bxc3 21. bxc3
Rfb8 22. c4 Rb2 23. Qa3 Qb7 24. Kf1 Qb4 25. Qd3 Rb8 26. c5 Nxc5 27. Bxc5 dxc5
28. d6 Bd8 29. Rxc5 Rb1+ 30. Kg2 Rxg1+ 31. Kxg1 Qe1+ 32. Kg2 Rb1 33. Ng3 Rd1
34. Qe4 Qg1+ 35. Kh3 Rd4 36. Qh1 Qxf2 37. Rc8 Rxd6 38. Qa8 Qd2 39. a4 Kg7 40.
Qe4 Qd5 41. Qxd5 Rxd5 42. Rc6 a5 43. Ne4 Rd4 44. Nc5 Be7 45. Nb7 f6 46. Rc7 Kf8
47. Nxa5 fxg5 48. hxg5 Rxa4 49. Nc6 Bxg5 50. Nxe5 Ra6 51. Kg2 Kg8 52. Kf3 Re6
53. Nc4 Be7 54. Ne3 Kf7 55. Nd5 g5 56. Ne3 Kg6 57. Nd5 g4+ 58. Kg2 Bd6 59. Rc6
Kf5 60. Ra6 h4 61. Ra5 h3+ 62. Kf1 Ke4 63. Nc3+ Kd3 64. Nd1 g3 65. Rd5+ Kc4 66.
Ne3+ Rxe3 67. Rxd6 g2+ 68. Kf2 Rf3+ 0-1

[Event "MTO-2021"]
[Site "?"]
[Date "2021.??.??"]
[Round "5.125"]
[White "Gomez Barrera Javiera Belen"]
[Black "Dordzhieva Dinara"]
[Result "0-1"]
[WhiteElo "2083"]
[BlackElo "2311"]
[PlyCount "68"]
[EventDate "2021.??.??"]
[WhiteTeam "Chile"]
[BlackTeam "Russland"]
[WhiteTeamCountry "CHI"]
[BlackTeamCountry "RUS"]

1. e4 e5 2. Nf3 Nc6 3. Bc4 Bc5 4. c3 Nf6 5. d3 d6 6. O-O a5 7. Re1 Ng4 8. Be3
Bxe3 9. fxe3 O-O 10. h3 Nf6 11. a4 Ne7 12. Nbd2 Ng6 13. Bb3 c6 14. Nf1 Be6 15.
Ng3 Qb6 16. Ra3 Bxb3 17. Qxb3 Qc7 18. Raa1 d5 19. Qc2 Rad8 20. Rab1 Rd7 21. Qf2
dxe4 22. dxe4 Rfd8 23. Qe2 Qb6 24. Qc4 Ne8 25. Nf5 Nd6 26. Nxd6 Rxd6 27. b4
R8d7 28. Kh2 h6 29. h4 Qd8 30. h5 Nh4 31. Nxe5 Qg5 32. Kh3 Qxh5 33. Qe2 Nf3+
34. Kg3 Qh4+ 0-1

[Event "MTO-2021"]
[Site "?"]
[Date "2021.??.??"]
[Round "5.126"]
[White "Fecker Noah"]
[Black "Kornitzky Tino"]
[Result "1/2-1/2"]
[WhiteElo "2309"]
[BlackElo "2083"]
[PlyCount "39"]
[EventDate "2021.??.??"]
[WhiteTeam "Schweiz"]
[BlackTeam "Deutschland"]
[WhiteTeamCountry "SUI"]
[BlackTeamCountry "GER"]

1. e4 e5 2. Nf3 Nc6 3. Bb5 a6 4. Ba4 Nf6 5. O-O Be7 6. Re1 b5 7. Bb3 d6 8. c3
O-O 9. h3 Bb7 10. d4 Re8 11. Nbd2 Bf8 12. a3 h6 13. Bc2 g6 14. b4 Bg7 15. Bb2
Rb8 16. Nb3 Ba8 17. Qd3 d5 18. exd5 e4 19. Qd2 exf3 20. dxc6 1/2-1/2

[Event "MTO-2021"]
[Site "?"]
[Date "2021.??.??"]
[Round "5.127"]
[White "Ammar Sedrani"]
[Black "Sultan Ibrahim"]
[Result "1-0"]
[WhiteElo "2274"]
[BlackElo "2076"]
[PlyCount "97"]
[EventDate "2021.??.??"]
[WhiteTeam "Vereinigte Arabische Emirate"]
[BlackTeam "Vereinigte Arabische Emirate"]
[WhiteTeamCountry "UAE"]
[BlackTeamCountry "UAE"]

1. d4 d5 2. Bf4 Bf5 3. e3 e6 4. c4 Nf6 5. Nc3 Bd6 6. Bg5 c6 7. Qb3 Nbd7 8. Qxb7
Rb8 9. Qxc6 Rb6 10. Qa4 Rxb2 11. c5 Bc7 12. Bb5 O-O 13. Qa3 Rc2 14. Nge2 h6 15.
Bxf6 Nxf6 16. Ba4 Rxc3 17. Nxc3 Ne4 18. Nxe4 Bxe4 19. f3 Qh4+ 20. Ke2 Bg6 21.
g3 Qh3 22. Kf2 Rb8 23. Bb3 a5 24. Qc1 h5 25. Bc2 h4 26. f4 Bh5 27. Rb1 Rb4 28.
Rxb4 axb4 29. Qf1 Qg4 30. Bd1 Qf5 31. Bxh5 Qxh5 32. Qb1 Ba5 33. Rg1 g6 34. g4
Qh6 35. g5 Qf8 36. Qd3 Bc7 37. Qa6 Qb8 38. Kf3 b3 39. axb3 Qxb3 40. Qc8+ Kg7
41. Qxc7 Qc2 42. Qe5+ Kh7 43. f5 exf5 44. h3 Qc4 45. Qf6 Qc2 46. Qxf7+ Kh8 47.
Qe8+ Kh7 48. Ra1 Qh2 49. Ra7+ 1-0